00982nac a22002531u 4500010001600000020003500016035002100051082001500072090001500087100003400102245005100136250001200187260004700199300003400246500002800280504005100308511002900359650002700388856008800415856007400503942001700577999001500594952011900609 a 98016155 a0471177431 (pbk. : alk. paper) a(DLC) 9801615500a658.8bAAk c5475d5475 aAaker, David A. 10aStrategic market management /cDavid A. Aaker. a5th ed. aNew York :bJ. Wiley & Sons,c1998.cc1998. axiv, 330 p. :bill. ;c23 cm. aDistributer : Al Ahram. aIncludes bibliographical references and index. aCatalogued By : Mahitab. 0aMarketingxManagement.423Publisher descriptionuhttp://www.loc.gov/catdir/description/wiley031/98016155.html423Table of Contentsuhttp://www.loc.gov/catdir/toc/onix02/98016155.html cBBk658.8AAk c5475d5475 00104070aMAINbMAINc1STd2007-10-29ePurchasel6m15o658.8AAkp000006717r2025-07-15 00:00:00s2018-10-14yBB